LEADER 01609nam2 22003613i 450 001 VAN0244284 005 20230619110613.743 017 70$2N$a9783030445522 100 $a20220404d2020 |0itac50 ba 101 $aeng 102 $aCH 105 $a|||| ||||| 200 0 $a1 / editors Umesh Hebbar ...$ft al.]. - Cham : Springer, 2020. 210 $a 389$c : ill. $d24 c 215 410 1$1001VAN0123514$12001 $aFood Engineering Series$1210 $aNew York$cSpringer$d1996- 461 1$1001VAN0244283$12001 $aNano-food Engineering$feditors Umesh Hebbar ... [et al.]$1210 $aCham$cSpringer$d2020$1215 $avolumi$cill.$d24 cm$v1 620 $aCH$dCham$3VANL001889 676 $a664.001579$cMicrobiologia alimentare$v22 676 $a641.3$cAlimenti$v22 676 $a570$cBiologia - Scienze della vita$v22 676 $a620.5$cNanotecnologia$v22 676 $a621.39$cMicroingegneria$v22 702 1$aHebbar$bUmesh$3VANV199467 712 $aSpringer $3VANV108073$4650 801 $aIT$bSOL$c20240614$gRICA 856 4 $uhttps://rd.springer.com/book/10.1007/978-3-030-44552-2$zE-book - Accesso al full-text attraverso riconoscimento IP di Ateneo, proxy e/o Shibboleth 899 $aBIBLIOTECA DEL DIPARTIMENTO DI SCIENZE E TECNOLOGIE AMBIENTALI BIOLOGICHE E FARMACEUTICHE$1IT-CE0101$2VAN17 912 $fN 912 $aVAN0244284 950 $aBIBLIOTECA DEL DIPARTIMENTO DI SCIENZE E TECNOLOGIE AMBIENTALI BIOLOGICHE E FARMACEUTICHE$d17CONS e-book 2221 $e17BIB2221/190 190 20220404 996 $a1$961339 997 $aUNICAMPANIA LEADER 01991nam0 22004213i 450 001 VAN00274446 005 20250124100832.821 017 70$2N$a9783030813178 100 $a20240405d2021 |0itac50 ba 101 $aeng 102 $aCH 105 $a|||| ||||| 200 1 $aParametric Geometry of Curves and Surfaces$eArchitectural Form-Finding$fAlberto Lastra 210 $aCham$cBirkhäuser$cSpringer$d2021 215 $axxiii, 276 p.$cill.$d24 cm 410 1$1001VAN00115423$12001 $aMathematics and the built environment$1210 $aBasel [etc.]$cBirkhäuser$d2016-$v5 606 $a00A67$xMathematics and architecture [MSC 2020]$3VANC033543$2MF 606 $a53-XX$xDifferential geometry [MSC 2020]$3VANC019813$2MF 606 $a53A04$xCurves in Euclidean and related spaces [MSC 2020]$3VANC021243$2MF 606 $a53A05$xSurfaces in Euclidean and related space [MSC 2020]$3VANC023814$2MF 606 $a53Zxx$xApplications of differential geometry to sciences and engineering [MSC 2020]$3VANC023358$2MF 610 $aArchitectural geometry$9KW:K 610 $aCurves and Surfaces$9KW:K 610 $aDifferential geometry$9KW:K 610 $aMathematical techniques$9KW:K 610 $aParametrization$9KW:K 620 $aCH$dCham$3VANL001889 700 1$aLastra$bAlberto$3VANV096129$0847835 712 $aBirkhäuser $3VANV108193$4650 712 $aSpringer $3VANV108073$4650 801 $aIT$bSOL$c20250221$gRICA 856 4 $uhttps://doi.org/10.1007/978-3-030-81317-8$zE-book ? Accesso al full-text attraverso riconoscimento IP di Ateneo, proxy e/o Shibboleth 899 $aBIBLIOTECA DEL DIPARTIMENTO DI MATEMATICA E FISICA$1IT-CE0120$2VAN08 912 $fN 912 $aVAN00274446 950 $aBIBLIOTECA DEL DIPARTIMENTO DI MATEMATICA E FISICA$d08DLOAD e-book 8089 $e08eMF8089 20240412 996 $aParametric Geometry of Curves and Surfaces$92557517 997 $aUNICAMPANIA